Walking Dead or Alive Quiz Stats

 Plays Quiz not verified by Sporcle

Score 0/24 Timer 01:00
0 Plays Today
% Correct
Dead
92.8%
Dead
92.6%
Dead
92.6%
Dead
92.6%
Dead
92.5%
Dead
92.5%
Dead
92.4%
Dead
92.4%
Dead
92.4%
Dead
92.4%
Dead
92.1%
Dead
92.1%
% Correct
Dead
91.9%
Dead
91.9%
Dead
90.1%
Dead
90%
Dead
89.9%
Alive
88.7%
Alive
88.7%
Alive
88.7%
Alive
88.3%
Alive
87.6%
Alive
87.6%
Alive
82.6%

You're not logged in!

Compare scores with friends on all Sporcle quizzes.
OR
Log In

You Might Also Like...

Show Comments

Extras

Top Quizzes Today


Score Distribution

Your Account Isn't Verified!

In order to create a playlist on Sporcle, you need to verify the email address you used during registration. Go to your Sporcle Settings to finish the process.

Report this User

Report this user for behavior that violates our Community Guidelines.

Details: